Normal view
MARC view
- Lingbo Liu, Fahui Wang
Entry Personal Name
001 - CONTROL NUMBER
- control field: 133313
003 - CONTROL NUMBER IDENTIFIER
- control field: NUST
005 - DATE AND TIME OF LATEST TRANSACTION
- control field: 20260217161318.0
008 - FIXED-LENGTH DATA ELEMENTS
- fixed length control field: 260217|| aca||aabn | a|a d
040 ## - CATALOGING SOURCE
- Original cataloging agency: NUST
- Transcribing agency: NUST
100 ## - HEADING--PERSONAL NAME
- Personal name: Lingbo Liu, Fahui Wang
670 ## - SOURCE DATA FOUND
- Source citation: Work cat.: (NUST): Lingbo Liu, Fahui Wang., Computational Methods and GIS Applications in Social Science - Lab Manual /, 2023.
